Quizzes
Events
Quiz Creation
Community
Videos
Private Events
Remove Ads
Sign In
Join for FREE
Feedback
Dark Mode
Quiz Categories
Sports
Geography
Music
Movies
Television
Just For Fun
Miscellaneous
History
Literature
Language
Science
Gaming
Entertainment
Religion
Holiday
For Kids
Quiz Lab
Recent
Popular Today
Quiz Kudos Today
Editor Picks
Curator Picks
Quizzes by...
Day
Popularity
Type
Ratings
Length
Year
Community
Subscriptions
Recent Discussions
Orange Saloon
Badges
Playlists
Quests
Create
Leaderboards
Showdown
Live 5
Trivia Bingo
Activity
Puzzle Library
Sporcle Events
Private Events
Virtual Trivia
Globe League
Become a Host
Pub Owners
SporcleCon
Opinionation
Our Games
Videos
Blog
Mobile Apps
Partnerships
Remove Ads and Go Orange
Feedback
History
US Presidents
World Leaders
Politics
Nation
Discovery
War
Decade
Year
Century
Biography
Art
History
US Presidents
World Leaders
Politics
Nation
Discovery
War
Decade
Year
Century
Biography
Art
Random Quiz
Search Sporcle
×
Quiz Lab
Quiz Lab
History
Study
Type in answers that appear in a list
Type in answers that appear in a list
Classic
Best Score? Go Orange.
Africana Studies Final Stats
Can you name the Answers to Africana Studies Final?
By
Arobin41
20m
25 Questions
5 Plays
5 Plays
5 Plays
Comments
Comments
Give Quiz Kudos
Give Quiz Kudos
-
- Ratings
hide this ad
Forced Order
Answers have to be entered in order
Answers have to be entered in order
Replay
Link that replays current quiz
Next Quiz
Link to next quiz in quiz playlist
You Got
0%
They Got
Avg Score
74%
Avg Friend Score
Upgrade to see
Score Distribution
Jump to the score distribution portion of the page
Score
0/25
Timer
20:00
0
Plays Today
1940-1969
% Correct
African American's are finally allowed to enter war because of which president?
Harry S. Truman
100%
Person that roughly started Civil Rights Moevements
Rosa Parks
100%
Group of students that tried to enter school in Little Rock, AR but were forced out
Little Rock Nine
100%
President that became most aggressive towards promoting civil rights
Lyndon B. Johnson
100%
act that led to removing of racial discrimination
Civil Rights Act
100%
Racial segregation is unconstitutional
Brown vs. Board of Education
80%
Group that formed as a direct result of his/
her actions?
SCLC
80%
100's and 1,000's start movements, sit-
in's, and picketing that formed?
SNCC
80%
four big civl rights groups
NAACP, CORE, SCLC, SNCC
80%
which is grandaddy of them all?
NAACP
80%
Which is interracial?
CORE
80%
led to ruling which made it unlawful to segregate on the interstate
Morgan vs. Virginia
80%
This group boarded buses in D.C. to travel to the South and make they were abiding by new interstate rules
Freedom Riders
80%
1940-1969
% Correct
1962 case which resulted in defeat for Civil Rights Groups
ALbany Georgia
80%
This event led to the famous 'I Have A Dream' and largest rally in D.C. with over 250,000 people
March on Washington
80%
act which abolished poll taxes, literacy tests, etc....
Voting Rights Act
80%
event that would take place after group of protesters in Selma Alabama decided to march all the way to Montgomery, AL as a result of the voting restraints that were still intact in
Bloody Sunday
80%
Made a level playing for everyone, i.e. no more biasing/
discriminating for jobs
Affirmative Action
80%
Phrase that became popular at the Watts Riot and would become misinterpreted by most people
Black Power
80%
group that started sit-
in in Greensboro, NC to protest a segregated Woolworth's Lunch Center
Greensboro four
80%
black nationalist and founder of Afro-
American Unity is assasinated
Malcolm-X
80%
Famous speech that was written by MLK in Birmingham jail
Letter from Birmingham Jail
40%
event that happened two weeks later at the 16th St. Baptist Church in Birmingham, AL
four little girls were killed
20%
First African-
American to become a Supreme Court Judge
Thurgood Marhsall
20%
Huge event that happened in Dallas, TX Nov, 22, 1963
0%
Quiz Playlist
Details
Report
Send in Message
Add To Playlist
Classic:
Type in answers that appear in a list
Forced Order:
Answers have to be entered in order
Last Updated: Feb 16, 2017
Quiz Scoreboard
CHALLENGE
Sign Up to Join the Scoreboard
Show All
Scores
Hide
Comments
May contain spoilers
Recently Published
One Thing in Common: World Cities II
by knightlancer
Geography
7m
Popular People in 1961
by mucciniale
History
6m
1-10 Letter E Words III
by El_Dandy
Language
2m
More to Explore
Quiz From the Vault
Featured Blog Post
Where Did the Easter Bunny Come From?
hide this ad
You Might Also Like...
Tags
final
Study
Today's Top Quizzes in History
Browse History
hide this ad
Today's Top Quizzes in Study
Browse Study
Top Contributed Quizzes in History
1
Popular People in 1991
2
Popular People in 1981
3
Popular People in 1951
4
Popular People in 1941
5
Popular People in 1986
6
Popular People in 1921
7
Popular People in 1976
8
I Am Born On March 28th
9
Popular People in 1946
10
Popular People in 1936
Explore More
Trending Topics
Crossword
Anime
Kpop
Disney
NBA
Harry Potter
Marvel
The Office
NFL
Song
WWE
Soccer
Puzzle
Pokémon
Country
hide this ad
More By:
Arobin41
Quiz
Plays
Rating
Category
Featured
Created
Africana Studies Final
5
1.00
History
May 7, 2012
Go to Creator's Profile
Score Distribution
Quiz Creator Spotlight
Arobin41
Follow
Send a Message
Quizzes Created
-
Created Quiz Play Count
-
More By This Creator
Popular Quizzes Today
1
Find the US States - No Outlines Minefield
2
The Countries of the World
3
Find the Countries of Europe - No Outlines Minefield
4
Popular People in 1961
5
1-10 Letter E Words III
6
Find the US States
7
One Thing in Common: World Cities II
8
US States
More History Quizzes
The Thirteen Colonies by Population
Published
Trending Quizzes
Risky Map Clicking: Least Populous States A-Z
1-10 Letter F Words
1-10 Letter G Words
One Thing in Common: United Kingdom
Risky Map Clicking: Next State Alphabetically
Recently Updated
Leaping Animals
pecheneg
Reality TV Shows (A-Z)
bhenderson79
Rickey Henderson's Hall of Fame Teammates
pecheneg
Champions League XIs: Arsenal
pecheneg
Quick Pick: Celebrities in WWE's Hall of Fame
aduchscher
A-Z Keypad Blitz II
pecheneg
Multiple Oscar Actors
pecheneg
Mystery Phrase Blitz: Oscar 'Best Actors'
pecheneg
F. Scott Fitzgerald Novels
LTH
Pick 3 Villains
ddd62291
Trending Topics
Marvel
Disney
Kpop
NBA
Anime
Crossword
Harry Potter
Song
Pokémon
Soccer
The Office
Puzzle
WWE
Country
NFL
Your Account Isn't Verified!
In order to create a playlist on Sporcle, you need to verify the email address you used during registration. Go to your
Sporcle Settings
to finish the process.
Report this User
Report this user for behavior that violates our
Community Guidelines
.
Details:
Send Report
Go to the Sporcle.com Mobile Site →
Comments